PMP project management professional study guide / (Record no. 1115)
[ view plain ]
| 000 -LEADER | |
|---|---|
| fixed length control field | 01008nac a22002291u 4500 |
| 020 ## - INTERNATIONAL STANDARD BOOK NUMBER | |
| International Standard Book Number | 0070586853 |
| 082 ## - DEWEY DECIMAL CLASSIFICATION NUMBER | |
| Classification number | 658.404076 |
| Item number | P5581 |
| 090 ## - LOCALLY ASSIGNED LC-TYPE CALL NUMBER (OCLC); LOCAL CALL NUMBER (OCLC) | |
| -- | 1115 |
| -- | 1115 |
| 100 ## - MAIN ENTRY--PERSONAL NAME | |
| Personal name | Phillips, Joseph. |
| 245 10 - TITLE STATEMENT | |
| Title | PMP project management professional study guide / |
| Statement of responsibility, etc | Joseph Phillips. |
| 246 30 - VARYING FORM OF TITLE | |
| Title proper/short title | Project management professional study guide |
| 246 30 - VARYING FORM OF TITLE | |
| Title proper/short title | PMP |
| 260 ## - PUBLICATION, DISTRIBUTION, ETC. (IMPRINT) | |
| Place of publication, distribution, etc | New York : |
| Name of publisher, distributor, etc | McGraw-Hill/Osborne, |
| Date of publication, distribution, etc | c2004. |
| 300 ## - PHYSICAL DESCRIPTION | |
| Extent | xxxi, 588 p. : |
| Other physical details | ill. ; |
| Dimensions | 23 cm. + |
| Accompanying material | 1 CD-ROM (4 3/4 in.) |
| 500 ## - GENERAL NOTE | |
| General note | Includes index. |
| 500 ## - GENERAL NOTE | |
| General note | 5 Uk |
| -- | Formerly CIP. |
| 650 ## - SUBJECT ADDED ENTRY--TOPICAL TERM | |
| Topical term or geographic name as entry element | Project management |
| Location of event | Examinations |
| Form subdivision | Study guides. |
| 650 ## - SUBJECT ADDED ENTRY--TOPICAL TERM | |
| Topical term or geographic name as entry element | Project management |
| Form subdivision | Examinations, questions, etc. |
| 942 ## - ADDED ENTRY ELEMENTS (KOHA) | |
| Item type | Book - Borrowing |
| Call number prefix | 658.404076P5581 |
| Withdrawn status | Item status | Damaged status | Not for loan | Home library | Current library | Shelving location | Date acquired | Source of acquisition | Total Checkouts | Total Renewals | Full call number | Barcode | Date last seen | Date last borrowed | Koha item type | Source of classification or shelving scheme | Vendor |
|---|---|---|---|---|---|---|---|---|---|---|---|---|---|---|---|---|---|
| Central Library | Central Library | First floor | 21/08/2006 | Purchase | 7 | 11 | 658.404076 PHI | 000003379 | 15/07/2025 | 18/10/2021 | Book - Borrowing | ||||||
| Central Library | Central Library | First floor | 12/05/2010 | 2 | 1 | 658.404076 PHI | 000012260 | 24/08/2022 | 17/07/2019 | CD | DVD - With book | Dewey Decimal Classification |